| 000 | 00340nam a2200121Ia 4500 | ||
|---|---|---|---|
| 008 | 220217s9999||||xx |||||||||||||| ||und|| | ||
| 082 | _a894.814 1 SHE | ||
| 100 |
_aShesadri, H.V _93676 |
||
| 245 | 0 | _aDesha vibhajaneya durantha kathe | |
| 260 |
_aSahithya sindhu prakashana _bBangalore _c2001 |
||
| 300 | _b75 | ||
| 650 | _aGENERAL BOOKS | ||
| 999 |
_c172397 _d172397 |
||